All-strings: a basic group method for violins - violas - cellos - basses in any combination

Gespeichert in:
Bibliographische Detailangaben
1. Verfasser: Best, George (VerfasserIn)
Format: Buch
Sprache:Englisch
Veröffentlicht: Nueva York Varitone 1954
Schlagworte:
Tags: Tag hinzufügen
Keine Tags, Fügen Sie den ersten Tag hinzu!

MARC

LEADER 00000nam a2200000 a 4500
001 UCN6794
003 CL-VaPUC
008 011005e19540000US |||||||||||||||||eng|d
082 0 4 |a 787.2193  |b BES  |2 21 
100 0 |a Best, George  |e author  |9 462622 
245 1 0 |a All-strings: a basic group method for violins - violas - cellos - basses in any combination 
300 |a v 
942 |c BK 
945 |d 20011005 00:00:00  |a lriquelm 
260 |a Nueva York  |b Varitone  |c 1954 
650 0 |a Violín  |x Estudio e instrucción  |9 462623 
650 0 |a Violín  |x Técnicas de ejecución  |9 462624 
650 0 |a Violín  |x Interpretación  |9 462625 
650 0 |a Violín  |x Estudio y ejercicios  |9 462626 
583 |a last modification  |c 20011005 00:00:00  |k Rodrigo Vera 
999 |c 297455  |d 297453 
952 |0 0  |1 0  |4 0  |6 787_219300000000000_BES_1954  |7 0  |8 F  |9 352218  |a BIBEDU  |b BIBEDU  |d 2019-11-21  |h v.1  |i 1169807  |o 787.2193 BES 1954  |p 1169807  |r 2023-11-22  |w 2019-11-21  |y BK_F  |k MUS